000 00446nam a22001817a 4500
003 MPLRDC
005 20220104163042.0
008 210129b ||||| |||| 00| 0 eng d
020 _a983-9048-01-5
082 _a574.386 KJX
100 _aKUA KIA SOONG
245 _aMALAYSIAN POLITICAL REALITIES
_c
250 _a第一版
260 _a
_bBENAR PADU S/B
_c1992
300 _b
650 _a马来西亚政治
942 _cBK
_o574.386 KJX
999 _c56273
_d56263